000 00436nam a2200169Ia 4500
005 20250508153455.0
008 008 250505s9999 xx 000 0 eng d
037 _aTextual
040 _aFEDL
_beng
_cFEDL
041 _aeng
_2eng
084 _a155.422, UNI
_qFEDL
245 0 _aYour child from one to six
245 0 _cUNITED STATES
300 _a110p.
942 _cTEXL
_h155.422, UNI
999 _c1343117
_d1343117